LIBRARY & INFORMATION CENTRE, KCAET, TAVANUR

ONLINE PUBLIC ACCESS CATALOGUE (OPAC)

Mechanical design of machines / (Record no. 7574)

MARC details
000 -LEADER
fixed length control field 00542cam a2200205ua 4500
041 ## - LANGUAGE CODE
Language code of text/sound track or separate title eng
082 ## - DEWEY DECIMAL CLASSIFICATION NUMBER
Classification number 621.815
Item number SIE/MEq
100 ## - MAIN ENTRY--AUTHOR NAME
Personal name Siegal , Martin J .
245 ## - TITLE STATEMENT
Title Mechanical design of machines /
250 ## - EDITION STATEMENT
Edition statement 4 /
260 ## - PUBLICATION, DISTRIBUTION, ETC. (IMPRINT)
Place of publication New Delhi :
Name of publisher C B S Publishers & Distributers ,
Year of publication 1986.
300 ## - PHYSICAL DESCRIPTION
Number of Pages 576 ; .
700 1# - ADDED ENTRY--PERSONAL NAME
Personal name Hartman, James B .
700 1# - ADDED ENTRY--PERSONAL NAME
Personal name Mallev, Vladimir L .
942 ## - ADDED ENTRY ELEMENTS (KOHA)
Koha item type Books
Holdings
Withdrawn status Lost status Damaged status Home library Current library Date acquired Full call number Accession Number Koha item type
      KAUAET KAUAET 07/04/2012 621.815 15891 Books
free website counter